| 000 | 00936nam a22002297a 4500 | ||
|---|---|---|---|
| 999 |
_c16682 _d16682 |
||
| 003 | AR-CdUCM | ||
| 008 | 190504b ||||| |||| 00| 0 spa d | ||
| 040 |
_aMUNICIPALIDAD PROVINCIAL DEL CUSCO _cBIBLIOTECA MUNICIPAL DEL CUSCO |
||
| 041 | _heng | ||
| 082 |
_a658.022 / _bD17 |
||
| 100 |
_aDale, John D. _936265 |
||
| 245 | _aEl control de la empresa a través de los datos contables / | ||
| 260 |
_aBarcelona : _bSagitario, _c1961. |
||
| 300 |
_a181 páginas ; _bcuadros, _c19 cm. |
||
| 505 | _aContenido: La pequeña y mediana empresa sus problemas -- Elementos de contabilidad para el gerente -- Contabilidad funcional -- La gerencia necesita saber más -- Los standards y el contable -- Presupuestos ... | ||
| 650 |
_aPequeñas y medianas empresas _922279 |
||
| 650 |
_aContabilidad _910543 |
||
| 650 |
_aGerencia _922468 |
||
| 700 |
_aAluja, Jaime Gil (traducción) _936266 |
||
| 942 |
_2ddc _cLIBROS |
||
| 945 |
_aachl _d2019-05-04 |
||